Bibliotecas públicas y escolares, una relación inaplazable : ¿para qué? (Record no. 63331)
[ view plain ]
| 000 -CABECERA | |
|---|---|
| campo de control de longitud fija | 00685nam a2200229 a 4500 |
| 005 - FECHA Y HORA DE LA ÚLTIMA TRANSACCIÓN | |
| campo de control | 20210219152909.0 |
| 008 - ELEMENTOS DE LONGITUD FIJA--INFORMACIÓN GENERAL | |
| campo de control de longitud fija | 991125n 000 0 spa u |
| 035 ## - NÚMERO DE CONTROL DEL SISTEMA | |
| Número de control de sistema | UPN01000066151 |
| 100 ## - ASIENTO PRINCIPAL--NOMBRE PERSONAL | |
| Nombre de persona | BARRIO, Zipriano |
| 222 ## - TÍTULO CLAVE | |
| Título clave | EDUCACION Y BIBLIOTECA : |
| Información calificativa | REVISTA MENSUAL DE DOCUMENTACION Y RECURSOS DIDACTICOS |
| 245 ## - MENCIÓN DE TÍTULO | |
| Título | Bibliotecas públicas y escolares, una relación inaplazable : ¿para qué? |
| 300 ## - DESCRIPCIÓN FÍSICA | |
| Extensión | 12-14 |
| 362 ## - FECHAS DE PUBLICACIÓN Y/O DESIGNACIÓN SECUENCIAL | |
| Fecha de publicación y/o designación secuencial | 1994 No. 46, abr. |
| 653 0# - TERMINO DE INDIZACION - NO CONTROLADO | |
| Término no controlado | AUXILIARES AUDIOVISUALES |
| 653 0# - TERMINO DE INDIZACION - NO CONTROLADO | |
| Término no controlado | BIBLIOTECAS ESCOLARES |
| 653 0# - TERMINO DE INDIZACION - NO CONTROLADO | |
| Término no controlado | BIBLIOTECAS PUBLICAS |
| 653 0# - TERMINO DE INDIZACION - NO CONTROLADO | |
| Término no controlado | ESPAÑA |
| 653 0# - TERMINO DE INDIZACION - NO CONTROLADO | |
| Término no controlado | LECTURA |
| 653 0# - TERMINO DE INDIZACION - NO CONTROLADO | |
| Término no controlado | LIBROS |
| 904 ## - ELEMENTOS DE DATOS D LOCAL, LDD (RLIN) | |
| a | AC |
| b | 003962 |
| 905 ## - TIPO DE MATERIAL | |
| Tipo de material | Articulo |
No items available.
